Future generations and international law / (Record no. 14132)

000 -LEADER
fixed length control field 02614nam a2200289 a 4500
001 - CONTROL NUMBER
control field ASIN185383503X
005 - DATE AND TIME OF LATEST TRANSACTION
control field 20170105102848.0
008 - FIXED-LENGTH DATA ELEMENTS--GENERAL INFORMATION
fixed length control field 130819s2009 xxu eng d
020 ## - INTERNATIONAL STANDARD BOOK NUMBER
International Standard Book Number 185383503X (paperback)
Terms of availability $47.50
020 ## - INTERNATIONAL STANDARD BOOK NUMBER
International Standard Book Number 9781853835032 (paperback)
040 ## - CATALOGING SOURCE
Original cataloging agency 0
050 04 - LIBRARY OF CONGRESS CALL NUMBER
Classification number HC79.E5
082 04 - DEWEY DECIMAL CLASSIFICATION NUMBER
Classification number 341.762
245 10 - TITLE STATEMENT
Title Future generations and international law /
Statement of responsibility, etc. Emmanuel Agius, Salvino Busuttil.
260 ## - PUBLICATION, DISTRIBUTION, ETC.
Place of publication, distribution, etc. [S.l.] :
Name of publisher, distributor, etc. Routledge,
Date of publication, distribution, etc. 2009.
300 ## - PHYSICAL DESCRIPTION
Extent 226 p. ;
Dimensions 24 cm.
490 1# - SERIES STATEMENT
Series statement Earthscan law and sustainable development series.
520 ## - SUMMARY, ETC.
Summary, etc. Sustainable development requires consideration of the quality of life that future generations will be able to enjoy, and as the adjustment to sustainable lifestyles gathers momentum, the rights of future generations and our responsibility for their wellbeing is becoming a central issue. In this, the first book to address this emerging area of international law, leading experts examine the legal and theoretical frameworks for representing and safeguarding the interests of future generations in current international treaties. This unique volume will be required reading for academics and students of international environmental law and policy. Emmanuel Agius is Senior Lecturer at the Faculty of Theology and Coordinator of the Future Generations Programme at the Foundation for International Studies, University of Malta. Salvino Busuttil is former Director General of the Foundation for International Studies. Future Generations and International Law is the seventh volume in the International Law and Sustainable Development series, co-developed with FIELD. The series aims to address and define the major legal issues associated with sustainable development and to contribute to the progressive development of international law. Other titles in the series are: Greening International Law, Interpreting the Precautionary Principle, Property Rights in the Defence of Nature, Improving Compliance with International Environmental Law, Greening International Institutions and Quotas in International Environmental Agreements. 'A legal parallel to the Blueprint series - welcome, timely and provocative' David Pearce Originally published in 1997.
650 #0 - SUBJECT ADDED ENTRY--TOPICAL TERM
Topical term or geographic name entry element Environmental law, International
650 #0 - SUBJECT ADDED ENTRY--TOPICAL TERM
Topical term or geographic name entry element International law
650 #0 - SUBJECT ADDED ENTRY--TOPICAL TERM
Topical term or geographic name entry element Sustainable development--Law and legislation
700 1# - ADDED ENTRY--PERSONAL NAME
Personal name Agius, Emmanuel.
700 1# - ADDED ENTRY--PERSONAL NAME
Personal name Busuttil, Salvino.
830 #0 - SERIES ADDED ENTRY--UNIFORM TITLE
Uniform title Earthscan law and sustainable development series.
856 40 - ELECTRONIC LOCATION AND ACCESS
Materials specified Amazon.com
Uniform Resource Identifier <a href="http://www.amazon.com/exec/obidos/ASIN/185383503X/chopaconline-20">http://www.amazon.com/exec/obidos/ASIN/185383503X/chopaconline-20</a>
942 ## - ADDED ENTRY ELEMENTS (KOHA)
Source of classification or shelving scheme
Koha item type Book
Holdings
Withdrawn status Lost status Damaged status Not for loan Collection code Permanent Location Current Location Shelving location Date acquired Total Checkouts Full call number Barcode Date last seen Price effective from Koha item type
          Centre for International Peace & Stability (CIPS) Centre for International Peace & Stability (CIPS) General Stacks 08/19/2013   341.762 FUT 2006 CIPS0000679 08/19/2013 08/19/2013 Book
© 2023 Central Library, National University of Sciences and Technology. All Rights Reserved.